| 000 | 00389nam a2200145 a 4500 | ||
|---|---|---|---|
| 005 | 20140414132009.0 | ||
| 008 | 110303s19uu xx 00 eng d | ||
| 050 |
_aVCD _bB23P 2001 |
||
| 245 | _aBarney's Parade of numbers. | ||
| 260 |
_aQuezon City : _bMagna Vision, _c2001. |
||
| 500 | _arunning time: approximately thirty minutes | ||
| 650 | _aNumbers | ||
| 650 | _a | ||
| 999 |
_c113234 _d113234 |
||